000 00596nam a22001697a 4500
005 20231115141301.0
008 231115b |||||||| |||| 00| 0 eng d
020 _a0702122351
041 _aEnglish
082 _a344.1 CAM
100 _aCameron, E ; Cheadle, H and Thompson, C
_lEnglish
245 _aThe New Labour Relations Act :
_bthe law after the 1988 amendments /
_cE Cameron, H Cheadle and C Thompson
260 _aCape Town :
_bJuta and Company Ltd,
_c1989
300 _bxx, 305 pages ;
_c25,3 cm.
650 _aLegal practice
_bLaw
942 _cBK
_6ALISON_BN_VRIES
999 _c691
_d691